| 000 | 00469nam a2200169Ia 4500 | ||
|---|---|---|---|
| 999 |
_c28809 _d28809 |
||
| 003 | OSt | ||
| 005 | 20201224111651.0 | ||
| 008 | 190216s9999||||xx |||||||||||||| ||und|| | ||
| 040 | _coclc | ||
| 082 |
_a910 _bRAT/Y |
||
| 100 |
_aRathnakaran, Mangad _97118 |
||
| 245 | 0 |
_aYa Basta / _cMangad Rathnakaran |
|
| 260 |
_bLipi Publications, _aCalicut: _c2003. |
||
| 300 | _a88p | ||
| 650 | _aYathravivaranam | ||
| 942 |
_cBK _2ddc _h910 _iRAT/Y _k910 _mRAT/Y |
||